Những điều kỳ thú dưới đại dương
Sách sẽ giúp các độc giả trẻ tuổi mở rộng tầm hiểu biết về những loài sinh vật ở vùng biển nước ta nói riêng và đại dương nói chung, giáo dục các em lòng yêu biển và ý thức bảo vệ tài nguyên thiên của đất nước....
שמור ב:
| מחבר ראשי: | |
|---|---|
| פורמט: | ספר |
| שפה: | Undetermined |
| יצא לאור: |
Hà Nội
Khoa học và Kỹ thuật
2008
|
| נושאים: | |
| תגים: |
הוספת תג
אין תגיות, היה/י הראשונ/ה לתייג את הרשומה!
|
| Thư viện lưu trữ: | Trung tâm Học liệu Trường Đại học Cần Thơ |
|---|
| LEADER | 00947nam a2200205Ia 4500 | ||
|---|---|---|---|
| 001 | CTU_148861 | ||
| 008 | 210402s9999 xx 000 0 und d | ||
| 020 | |c 16500 | ||
| 082 | |a 590 | ||
| 082 | |b H561 | ||
| 100 | |a Nguyễn, Khắc Hường | ||
| 245 | 0 | |a Những điều kỳ thú dưới đại dương | |
| 245 | 0 | |c Nguyễn Khắc Hường | |
| 260 | |a Hà Nội | ||
| 260 | |b Khoa học và Kỹ thuật | ||
| 260 | |c 2008 | ||
| 520 | |a Sách sẽ giúp các độc giả trẻ tuổi mở rộng tầm hiểu biết về những loài sinh vật ở vùng biển nước ta nói riêng và đại dương nói chung, giáo dục các em lòng yêu biển và ý thức bảo vệ tài nguyên thiên của đất nước. | ||
| 650 | |a Zoology,Động vật học | ||
| 904 | |i QHieu | ||
| 980 | |a Trung tâm Học liệu Trường Đại học Cần Thơ | ||